Générique Jayce et les conquérants de la lumière - Paroles - Statistiques

Statistiques générales
  • Ce quiz a été pris 17 fois
  • Le résultat moyen est 20 sur 28
Statistiques - réponses
Paroles % Correct
Et l'espoir qu'un {jour}
100%
Qui brûle tout au fond de {toi}
100%
De la terreur des {Monstroplantes}
87%
Et l'{Univers}
87%
Jayce {conquérant}
87%
Mais si tu ne perds pas la {foi}
87%
Sauve l'{Univers}
87%
Sauve l'{Univers}
87%
De l'{Univers}
80%
Doit s'unir à celle que porte ton {père}
80%
Fier et {combattant}
80%
Jayce {conquérant}
80%
Recherche ton {père}
80%
Tu trouveras la {voie}
80%
Va Jayce, conquérant de {demain}
80%
Va Jayce, conquérant du {lointain}
80%
Viens libérer le {monde}
80%
Le {monde} t'attend
73%
Le {monde} t'attend
73%
Tu défies les {méchants}
73%
Tu nous rendras la {joie}
73%
La racine que tu portes à ton {coeur}
67%
Illumine les {chemins} obscurs
60%
Les {Monstroplantes} foudroient
60%
Tu dois sauver ton {temps}
47%
Tes chemins sont de {feu}
40%
Une force en {flamme}
20%
Va Jayce, conquérant du {bonheur}
13%
Aucun quiz correspondant
Distribution des résultats
% des personnes avec chaque résultat
Percentile par nombre de réponses
Votre historique - résultats
Vous n’avez pas pris ce quiz